迷宮城池

資料類型: Book 圖書   書目號:41929

Leader xxxxxxxxxx
001 __ PCLIS00041929
005 __ 20090409104115.0
008 __  chi
010 0_ |a9789866773495|b平裝|dNT$300
020 __ |atw|b97009251
042 __ |anbic
050 __ |a001953331
100 __ |a20080515d2008    k  y0chiy09      e
101 0_ |achi
102 __ |atw
105 __ |aa   z   000yy
200 1_ |a迷宮城池|e|f夏曉光作
205 __ |a初版
210 __ |a臺北縣中和市|c菁品文化出版|c創智文化總經銷|d2008.07
215 0_ |a362面|c|d21公分
225 1_ |a菁小說|v1
260 1_ |a2008
300 __ |a
681 __ |a857.7|b8766:45
700 _1 |a|b曉光|c(文學, 1979-)|4
702 __ |a|b|4
801 _0 |atw|bCIP|c20080515|gCCR
801 _1 |atw|bCIP|c20080515|gCCR
801 _2 |atw|b國圖|c20090407|gCCR
詳細館藏(共 1 筆)
索 書 號登 錄 號冊次號館別 / 館藏地流通類型狀態加入預約清單電子資源
857.7 / 8766 2017779  圖書館 / 二樓普通區 可外借30天 在館   

| 條列資料




目錄查詢 分類查詢 個人資料 圖書薦購 新書查詢 閉館日 排行榜 更多電子資源 Hami書城 線上資料庫 登出

From : 216.73.217.52

  本日流通累計至 04:33:11 借閱 : 0 次 續借 : 0 次 歸還 : 0 次 預約 : 0 次 電子資源 : 0 次


內湖高中圖書館  PCLIS 版本  26.5.0.12